Normal view
MARC view
- DATA BOOK-CMOS STANDARD ICS
Entry Topical Term
001 - CONTROL NUMBER
- control field: 79678
003 - CONTROL NUMBER IDENTIFIER
- control field: NUST
005 - DATE AND TIME OF LATEST TRANSACTION
- control field: 20210628210514.0
008 - FIXED-LENGTH DATA ELEMENTS
- fixed length control field: 210628|| aca||aabn | a|a d
040 ## - CATALOGING SOURCE
- Original cataloging agency: NUST
- Transcribing agency: NUST
150 ## - HEADING--TOPICAL TERM
- Topical term or geographic name entry element: DATA BOOK-CMOS STANDARD ICS
670 ## - SOURCE DATA FOUND
- Source citation: Work cat.: (NUST): Motorola 66183, Cmos application specific standard ics, 1990
